लोड हो रहा है...

Catfish

ग्रंथसूची विवरण
मुख्य लेखक: Emmens, C W
अन्य लेखक: Axelrod, Herbet R
स्वरूप: Printed Book
प्रकाशित: Delhi : Narendra Publishing House, 2019
विषय:
LEADER 00467nam a22001577a 4500
020 |a 9789386110831 
082 |a 597.49  
100 |a Emmens, C W 
245 |a Catfish 
260 |a Delhi :  |b Narendra Publishing House,   |c 2019 
300 |a 96 p 
650 |a Cat fishes 
700 |a  Axelrod, Herbet R 
942 |c BK 
999 |c 316107  |d 316107 
952 |0 0  |1 0  |4 0  |6 597_490000000000000_EMMC  |7 0  |9 338106  |a AQU  |b AQU  |c GEN  |d 2020-12-02  |l 0  |o 597.49 EMM-C  |p AQU6136  |r 2020-12-02  |w 2020-12-02  |y BK